|
|
|
|
| LEADER |
01331nam a2200337Ia 4500 |
| 001 |
EBC231835 |
| 003 |
MiAaPQ |
| 005 |
20200520144314.0 |
| 006 |
m o d | |
| 007 |
cr cn||||||||| |
| 008 |
000815s2004 enk s 000 0 eng d |
| 020 |
|
|
|z 1845440285
|
| 035 |
|
|
|a (MiAaPQ)EBC231835
|
| 035 |
|
|
|a (Au-PeEL)EBL231835
|
| 035 |
|
|
|a (CaPaEBR)ebr10069026
|
| 035 |
|
|
|a (CaONFJC)MIL51453
|
| 035 |
|
|
|a (OCoLC)61363108
|
| 040 |
|
|
|a MiAaPQ
|c MiAaPQ
|d MiAaPQ
|
| 050 |
|
4 |
|a HF5548.32
|b .B87 2004
|
| 245 |
0 |
0 |
|a Business transformation through web services
|h [electronic resource] /
|c Guest editors Wendy Currie, Vishanth Weerakkody and Xinkun Wang.
|
| 260 |
|
|
|a Bradford, England :
|b Emerald Group Publishing,
|c c2004.
|
| 300 |
|
|
|a 73 p.
|
| 490 |
1 |
|
|a Journal of Enterprise Information Management. No. 9 ;
|v Vol. 34
|
| 533 |
|
|
|a Electronic reproduction. Ann Arbor, MI : ProQuest, 2015. Available via World Wide Web. Access may be limited to ProQuest affiliated libraries.
|
| 650 |
|
0 |
|a Electronic commerce.
|
| 650 |
|
0 |
|a Management information systems.
|
| 655 |
|
4 |
|a Electronic books.
|
| 700 |
1 |
|
|a Currie, Wendy.
|
| 710 |
2 |
|
|a ProQuest (Firm)
|
| 830 |
|
0 |
|a Journal of enterprise information management ;
|v v. 34, no. 9.
|
| 856 |
4 |
0 |
|u https://ebookcentral.proquest.com/lib/matrademy/detail.action?docID=231835
|z Click to View
|